असं घडू शकतं (Record no. 1051480)

MARC details
000 -LEADER
fixed length control field 00564nam a2200181Ia 4500
008 - FIXED-LENGTH DATA ELEMENTS--GENERAL INFORMATION
fixed length control field 151018s9999 xx 000 0 und d
082 ## - DEWEY DECIMAL CLASSIFICATION NUMBER
Item number RBASDV53380
Classification number 891.462
100 ## - MAIN ENTRY--PERSONAL NAME
Personal name अरुण कापसे
245 ## - TITLE STATEMENT
Title असं घडू शकतं
250 ## - EDITION STATEMENT
Remainder of edition statement 1
260 ## - PUBLICATION, DISTRIBUTION, ETC. (IMPRINT)
Name of publisher, distributor, etc सुपर्ण प्रका. पुणे
Date of publication, distribution, etc 2008
300 ## - PHYSICAL DESCRIPTION
Extent 72
600 ## - SUBJECT ADDED ENTRY--PERSONAL NAME
Personal name अरुण कापसे
630 ## - SUBJECT ADDED ENTRY--UNIFORM TITLE
Uniform title असं घडू शकतं
700 ## - ADDED ENTRY--PERSONAL NAME
Personal name अरुण कापसे
730 ## - ADDED ENTRY--UNIFORM TITLE
Uniform title असं घडू शकतं
942 ## - ADDED ENTRY ELEMENTS (KOHA)
Koha item type Book
Holdings
Withdrawn status Lost status Damaged status Not for loan Home library Current library Date acquired Cost, normal purchase price Total Checkouts Full call number Barcode Date last seen Cost, replacement price Price effective from Koha item type
        R.B. Anant Shivaji Desai Vachanalaya and Granthalaya, Kudal R.B. Anant Shivaji Desai Vachanalaya and Granthalaya, Kudal 03/15/2011 21.00   RBASDV53380 RBASDV53380 10/18/2015 21.00 10/18/2015 Book